UBT Library

ELEMENTARY QUANTUM MECHANICS (Record no. 58968)

000 -LEADER
fixed length control field 00328nam a22001457a 4500
008 - FIXED-LENGTH DATA ELEMENTS--GENERAL INFORMATION
fixed length control field 221121b ||||| |||| 00| 0 eng d
020 ## - INTERNATIONAL STANDARD BOOK NUMBER
International Standard Book Number 0851092705
041 ## - LANGUAGE CODE
Language code of text/sound track or separate title eng
080 ## - UNIVERSAL DECIMAL CLASSIFICATION NUMBER
Edition identifier 22
Universal Decimal Classification number 621
082 ## - DEWEY DECIMAL CLASSIFICATION NUMBER
Classification number 621 MOT
100 ## - Rafti
Rafti 19.1
101 ## - Shkurtesa
Shkurtesa MOTT N.F
245 ## - TITLE STATEMENT
Title ELEMENTARY QUANTUM MECHANICS
Statement of responsibility, etc MOTT.N.F
942 ## - ADDED ENTRY ELEMENTS (KOHA)
Source of classification or shelving scheme
Item type Books
Holdings
Withdrawn status Lost status Source of classification or shelving scheme Damaged status Not for loan Collection code Permanent location Current location Date acquired Total Checkouts Full call number Barcode Date last seen Price effective from Koha item type
          Koleksioni i përgjithshem UBT - Lipjan UBT - Lipjan 11/21/2022   621 MOT 002-800028700260764 11/21/2022 11/21/2022 Books
UBT Library © 2015-2024. All rights reserved University Education for Business and Technology